[Event "POL-chT3 Kujawsko Pomorskie 0910"]
[Site "Poland"]
[Date "2010.01.10"]
[Round "5.28"]
[White "Wisniewski, Jaroslaw"]
[Black "Klugiewicz, Jozef"]
[Result "1-0"]
[WhiteElo "1978"]
[BlackElo "1964"]
[PlyCount "99"]
[EventDate "2009.11.08"]
[EventType "team-tourn"]
[EventRounds "11"]
[EventCountry "POL"]
[SourceTitle "EXT 2020"]
[Source "ChessBase"]
[SourceDate "2019.10.17"]
[SourceVersion "1"]
[SourceVersionDate "2019.10.17"]
[SourceQuality "1"]

1. e4 d6 2. Nc3 Nf6 3. f4 g6 4. Nf3 Bg7 5. Bc4 0-0 6. 0-0 c6 7. d3 Nbd7 8. h3 b5 9. Bb3 Nc5 10. Ne2 Nxb3 11. axb3 b4 12. Be3 a5 13. Ng3 Nd7 14. Qc1 e6 15. f5 exf5 16. exf5 Re8 17. Bh6 Bh8 18. fxg6 hxg6 19. Ng5 Bd4+ 20. Kh1 Be3 21. Qe1 Bd4 22. Qd1 f6 23. N5e4 Be5 24. d4 Bxg3 25. Nxg3 d5 26. Qd2 Kh7 27. Bf4 Nf8 28. Rae1 Ne6 29. c4 Ba6 30. Rf3 dxc4 31. Rfe3 Qd5 32. Ne4 Kg7 33. bxc4 Bxc4 34. Nd6 Re7 35. Nxc4 Qxc4 36. Bd6 Ree8 37. d5 Qxd5 38. Qxd5 cxd5 39. Rxe6 Rxe6 40. Rxe6 Rc8 41. Re7+ Kg8 42. Bc7 d4 43. Bxa5 b3 44. Rb7 Rc5 45. Bb4 Rc2 46. Ba3 d3 47. Rd7 d2 48. Kh2 f5 49. Kg3 g5 50. Kf3 1-0

[Event "Kowalewo Pomorskie op-A 16th"]
[Site "Kowalewo Pomorskie"]
[Date "2009.07.06"]
[Round "4"]
[White "Klugiewicz, Jozef"]
[Black "Banasik, Krzysztof"]
[Result "1/2-1/2"]
[WhiteElo "1977"]
[BlackElo "2300"]
[PlyCount "91"]
[EventDate "2009.07.04"]
[EventType "swiss"]
[EventRounds "9"]
[EventCountry "POL"]
[SourceTitle "CBM 131 Extra"]
[Source "ChessBase"]
[SourceDate "2009.09.03"]
[SourceVersion "2"]
[SourceVersionDate "2009.09.16"]
[SourceQuality "1"]

1. Nf3 Nf6 2. g3 d5 3. Bg2 c6 4. c4 Bf5 5. cxd5 cxd5 6. Qb3 Qc8 7. Nc3 e6 8. d3 Be7 9. 0-0 0-0 10. Bf4 Nc6 11. Rac1 Qd7 12. Ne5 Nxe5 13. Bxe5 Rac8 14. e4 dxe4 15. dxe4 Bg4 16. h3 Bh5 17. g4 Bg6 18. Rfd1 Qc6 19. Nd5 exd5 20. Rxc6 bxc6 21. exd5 cxd5 22. Bc3 h5 23. Re1 Rc7 24. gxh5 Nxh5 25. Qxd5 Rd8 26. Rxe7 Rxd5 27. Rxc7 Rd1+ 28. Kh2 a6 29. Rc6 Nf4 30. Rxa6 Nxg2 31. Kxg2 Bd3 32. Ra8+ Kh7 33. Ra7 Kg6 34. Re7 Bc4 35. a4 Bd5+ 36. Kg3 Be6 37. a5 Rd6 38. h4 Rc6 39. Rb7 f6 40. h5+ Kh6 41. Bd2+ Kxh5 42. Rxg7 Rd6 43. Be3 Bc4 44. Rb7 Kg6 45. Rb6 Rxb6 46. Bxb6 1/2-1/2

[Event "Kowalewo Pomorskie op"]
[Site "Kowalewo Pomorskie"]
[Date "2008.07.06"]
[Round "3"]
[White "Plichta, Kamil"]
[Black "Klugiewicz, Jozef"]
[Result "1-0"]
[WhiteElo "2014"]
[BlackElo "1999"]
[PlyCount "59"]
[EventDate "2008.07.04"]
[EventType "swiss"]
[EventRounds "9"]
[EventCountry "POL"]
[SourceTitle "CBM 125 Extra"]
[Source "ChessBase"]
[SourceDate "2008.09.01"]
[SourceVersion "1"]
[SourceVersionDate "2008.09.01"]
[SourceQuality "1"]

1. b3 Nf6 2. Bb2 d5 3. e3 c6 4. Be2 Qc7 5. Nf3 Nbd7 6. c4 dxc4 7. bxc4 e5 8. d4 exd4 9. exd4 Bb4+ 10. Nc3 Ne4 11. Qc2 Nxc3 12. Bxc3 Bxc3+ 13. Qxc3 0-0 14. 0-0 Nf6 15. Bd3 Bg4 16. Ne5 Be6 17. f4 Rad8 18. Rad1 Rfe8 19. f5 Bc8 20. Rfe1 h6 21. Bc2 b6 22. g4 Rxe5 23. dxe5 Nxg4 24. Qg3 h5 25. h3 Rxd1 26. Rxd1 Nf6 27. Rd6 Ne8 28. f6 Be6 29. Qg5 Kf8 30. Rd8 1-0

[Event "Kowalewo Pomorskie op"]
[Site "Kowalewo Pomorskie"]
[Date "2008.07.04"]
[Round "1"]
[White "Krasiewicz, Robert"]
[Black "Klugiewicz, Jozef"]
[Result "1-0"]
[WhiteElo "2136"]
[BlackElo "1999"]
[PlyCount "85"]
[EventDate "2008.07.04"]
[EventType "swiss"]
[EventRounds "9"]
[EventCountry "POL"]
[SourceTitle "CBM 125 Extra"]
[Source "ChessBase"]
[SourceDate "2008.09.01"]
[SourceVersion "1"]
[SourceVersionDate "2008.09.01"]
[SourceQuality "1"]

1. d4 Nf6 2. Nf3 d6 3. c4 Nbd7 4. g3 c6 5. Bg2 e5 6. Nc3 Be7 7. e4 0-0 8. 0-0 a6 9. a4 a5 10. h3 Re8 11. Re1 Qc7 12. Be3 Nb8 13. Qb3 Na6 14. dxe5 dxe5 15. Rad1 Nb4 16. Bf1 Nd7 17. Rd2 h6 18. Nh2 Nc5 19. Qd1 Bf8 20. Ng4 Kh7 21. f4 Bxg4 22. Qxg4 Nb3 23. Rd7 Qc8 24. Qf5+ Kh8 25. Qxf7 Nc2 26. Re2 Nxe3 27. Rxe3 Nc5 28. Rd1 Re7 29. Qh5 Qc7 30. f5 Qb6 31. Qe2 Nb3 32. Kg2 Nd4 33. Qf2 Rd7 34. Red3 Bc5 35. Qd2 Rf7 36. Ne2 Rg8 37. Nxd4 Bxd4 38. b3 Kh7 39. Be2 g6 40. Bg4 h5 41. fxg6+ Rxg6 42. Bf5 Kg7 43. Bxg6 1-0

[Event "POL-chT4 Kujawsko Pomorskie 0708"]
[Site "Poland"]
[Date "2008.02.24"]
[Round "8.32"]
[White "Wojciechowski, Robert"]
[Black "Klugiewicz, Jozef"]
[Result "1/2-1/2"]
[WhiteElo "1921"]
[BlackElo "2013"]
[PlyCount "109"]
[EventDate "2007.11.04"]
[EventType "team-tourn"]
[EventRounds "11"]
[EventCountry "POL"]
[SourceTitle "EXT 2019"]
[Source "ChessBase"]
[SourceDate "2018.10.10"]
[SourceVersion "1"]
[SourceVersionDate "2018.10.10"]
[SourceQuality "1"]

1. d4 Nf6 2. c4 d6 3. Nc3 e5 4. d5 Bf5 5. Bg5 Be7 6. e3 Nbd7 7. Nge2 Nxd5 8. Qxd5 Bxg5 9. Ng3 Be6 10. Qxb7 Nc5 11. Qb5+ Qd7 12. Qxd7+ Kxd7 13. b4 Nb7 14. Nge4 Be7 15. 0-0-0 Rhc8 16. c5 Ke8 17. Ba6 Rcb8 18. c6 Nd8 19. Nb5 Rxb5 20. Bxb5 Rb8 21. Nc3 Rb6 22. a3 a6 23. Ba4 Nxc6 24. Bxc6+ Rxc6 25. Kb2 Rb6 26. Nd5 Bxd5 27. Rxd5 c6 28. Rd3 a5 29. Kc3 axb4+ 30. axb4 e4 31. Rd2 d5 32. Rb1 Kd7 33. Rb3 Bf6+ 34. Kc2 Be7 35. b5 Ke6 36. bxc6 Rxc6+ 37. Kd1 f5 38. Ke2 g5 39. Rb5 Rd6 40. Ra2 h5 41. Rb8 f4 42. Re8 Kf7 43. Rh8 h4 44. Ra7 Ke6 45. Rh6+ Bf6 46. Rhh7 Rb6 47. Rhb7 Rd6 48. Ra2 h3 49. gxh3 f3+ 50. Ke1 d4 51. Rba7 dxe3 52. fxe3 Bc3+ 53. Kf2 Rd1 54. R2a6+ Ke5 55. Re7+ 1/2-1/2

[Event "POL-chT4 Kujawsko Pomorskie 0708"]
[Site "Poland"]
[Date "2007.11.04"]
[Round "1.20"]
[White "Matusiak, Andrzej1111"]
[Black "Klugiewicz, Jozef"]
[Result "1/2-1/2"]
[WhiteElo "1779"]
[BlackElo "2013"]
[PlyCount "53"]
[EventDate "2007.11.04"]
[EventType "team-tourn"]
[EventRounds "11"]
[EventCountry "POL"]
[SourceTitle "EXT 2019"]
[Source "ChessBase"]
[SourceDate "2018.10.10"]
[SourceVersion "1"]
[SourceVersionDate "2018.10.10"]
[SourceQuality "1"]

1. e4 d6 2. Nc3 Nf6 3. Bc4 c6 4. d3 b5 5. Bb3 a5 6. a3 g6 7. h3 Bg7 8. Nge2 0-0 9. 0-0 Nbd7 10. Be3 Nb6 11. Qc1 Qc7 12. Bh6 Ba6 13. Ng3 e6 14. Bxg7 Kxg7 15. Nce2 d5 16. f4 c5 17. f5 c4 18. Ba2 cxd3 19. cxd3 Qxc1 20. Raxc1 Rac8 21. fxe6 fxe6 22. e5 Nfd7 23. Rxf8 Rxc1+ 24. Nxc1 Kxf8 25. d4 b4 26. axb4 axb4 27. b3 1/2-1/2

[Event "Kowalewo Pomorskie op-A"]
[Site "Kowalewo Pomorskie"]
[Date "2007.07.06"]
[Round "4"]
[White "Klugiewicz, Jozef"]
[Black "Hiszczynski, Jakub"]
[Result "1-0"]
[WhiteElo "2033"]
[BlackElo "2010"]
[PlyCount "71"]
[EventDate "2007.07.04"]
[EventType "swiss"]
[EventRounds "9"]
[EventCountry "POL"]
[SourceTitle "CBM 119 Extra"]
[Source "ChessBase"]
[SourceDate "2007.09.04"]
[SourceVersion "1"]
[SourceVersionDate "2007.09.04"]
[SourceQuality "1"]

1. Nf3 d5 2. c4 e6 3. g3 Nf6 4. b3 c5 5. e3 Nc6 6. Bb2 Be7 7. cxd5 Qxd5 8. Nc3 Qh5 9. Bg2 0-0 10. 0-0 e5 11. Ne1 Bg4 12. f3 Bh3 13. Qe2 Rad8 14. d3 Rd7 15. Rd1 Rfd8 16. Rf2 Bxg2 17. Kxg2 Qg6 18. Bc1 h5 19. Kh1 b6 20. e4 Nd4 21. Qf1 Nc6 22. Ng2 Ne8 23. Nd5 Nd6 24. Nge3 f6 25. f4 Bf8 26. f5 Qf7 27. Rg2 Ne8 28. g4 h4 29. Qf2 Nb4 30. Qxh4 Nxd5 31. Nxd5 Nd6 32. Rg3 Nxe4 33. dxe4 Rxd5 34. exd5 Rxd5 35. Rf1 Qb7 36. Rg2 1-0

[Event "POL-chT Region 0607"]
[Site "Poland"]
[Date "2007.02.04"]
[Round "7"]
[White "Studzinski, Tadeusz"]
[Black "Klugiewicz, Jozef"]
[Result "1/2-1/2"]
[WhiteElo "1938"]
[BlackElo "2061"]
[PlyCount "62"]
[EventDate "2006.11.12"]
[EventType "team"]
[EventRounds "11"]
[EventCountry "POL"]
[SourceTitle "EXT 2008"]
[Source "ChessBase"]
[SourceDate "2007.11.25"]
[SourceVersion "1"]
[SourceVersionDate "2007.11.25"]
[SourceQuality "1"]

1. e4 b6 2. d4 Bb7 3. Bd3 e6 4. Be3 Nf6 5. Nd2 d5 6. e5 Nfd7 7. Ne2 c5 8. c3 Nc6 9. 0-0 g6 10. f4 h5 11. Nf3 Ne7 12. h4 Nf5 13. Bf2 c4 14. Bc2 Qe7 15. Ng5 Bg7 16. Re1 b5 17. b3 cxb3 18. axb3 Nb6 19. Nc1 a6 20. Nd3 a5 21. Nc5 Bc6 22. Ra2 Bh6 23. Qe2 Bxg5 24. fxg5 Qc7 25. Bd3 Nd7 26. Bxb5 0-0 27. Rea1 Nxc5 28. dxc5 Bxb5 29. Qxb5 Rfb8 30. Qa4 Qxe5 31. Rc1 Ng3 1/2-1/2